000 00236nam a2200085Ia 4500
245 0 _aDon't forget the knight light
100 _a Gagliardi, Tina Edina, MN, 2009
_977280
942 _cBK
008 210818s9999 xx 000 0 und d
999 _c452533
_d452532